000 00903nam a2200265Ia 4500
003 OSt
005 20220923210934.0
006 a|||||r|||| 00| 0
007 ta
008 220922b |||||||| |||| 00| 0 hin d
020 _a8121405165 (hbk)
024 _a192,157
037 _cTextual
040 _aARTS
_cARTS
_bhin
041 _2hin
_ahin
082 _aO152,1N11:g, L8;N4
100 _aतिवारी, विश्वनाथप्रसाद, संपा.
_9156412
245 0 _aअज्ञेय
246 _aAjnyeya
260 _aनई दिल्ली
_b नेशनल पब्लि0 हा0
_c1994
300 _a313पृ.
_ccm.
650 _aहिन्दी साहित्य
_9156264
942 _hO152,1N11:g, L8;N4
_cTEXL
_2CC
999 _c293071
_d293071